000 00544nmm a2200193Ia 4500
008 251105s9999||||xx |||||||||||||||||und||
020 _a9788417308087
041 _aspa
100 _aSittenfeld, Curtis
245 0 _aUna perfecta educación
264 _a[Madrid, España] :
_bSiruela,
_c2018
300 _a488 páginas
490 _aNuevos tiempos
650 _aNorth American narrative
700 _aSittenfeld, Curtis
700 1 _a Maza Castán, Virginia
856 _uhttps://public.digitaliapublishing.com/a/68363
942 _cCF
999 _c71497
_d71497